00928nam a2200253 a 450000100100000000500170001000800410002702000150006804000250008308200200010810000290012824000600015724500680021726000500028530000280033553400690036365000320043265000210046465000190048565000200050404900090052495201240053399900170065700002269220260218080533.0101115s1980 sp r 001 | spa d a8432120634 aDO-SdBNPbspacBNPHU a320.5322bB554o1 aBesançon, Alain94665913aLes origines intellectualles du léninisme.lEspañol13aLos orígenes intelectuales del leninismo /cAlain Besançon. aMadrid, (España) :bEdiciones Rialp,c1980. a481 p. :bil. ;c18 cm. aTítulo original :tLes origines intellectualles du léninisme 4aActitudes políticas96490 4aLeninismo946660 0aMarxismo95234 4aComunismo92880 aBNGR 001054708MOaGRbGRcCTd2010-11-15iLF1l0o320.5322 B554op22692-10r2020-06-25w2020-06-25y4ZPréstamo en sala c22189d22189